| 000 | 00438pab a2200169 454500 | ||
|---|---|---|---|
| 008 | 180718b2010 xxu||||| |||| 00| 0 eng d | ||
| 100 | _aKelly, John | ||
| 245 | _aThe puzzle of trade union strength in western Europe since 1980 | ||
| 260 | _c2010 | ||
| 300 | _ap.646-57. | ||
| 362 | _aApr | ||
| 650 | _aTrade unions | ||
| 700 | _aHamann, Kerstin | ||
| 773 | _aIndian Journal of Industrial Relations | ||
| 908 | _aN | ||
| 909 | _a86955 | ||
| 999 |
_c86955 _d86955 |
||